Central Library OPAC University of Rajshahi

Social psychology / (Record no. 2241)

MARC details
000 -LEADER
fixed length control field 00811nam a2200277 i 4500
001 - CONTROL NUMBER
control field 2241
003 - CONTROL NUMBER IDENTIFIER
rucl marc code BD-RjUL
005 - DATE AND TIME OF LATEST TRANSACTION
control field 20211208233517.0
008 - FIXED-LENGTH DATA ELEMENTS--GENERAL INFORMATION
fixed length control field 131210s1976 maua b 001 0 eng
020 ## - INTERNATIONAL STANDARD BOOK NUMBER
International Standard Book Number 0201067285
035 ## - SYSTEM CONTROL NUMBER
System control number (BD-RjUL)2268
040 ## - CATALOGING SOURCE
Original cataloging agency DLC
Transcribing agency DLC
Modifying agency DLC
Language of cataloging eng
041 ## - LANGUAGE CODE
Language code of text/sound track or separate title eng
082 00 - DEWEY DECIMAL CLASSIFICATION NUMBER
Classification number 301.1
Edition number 19
Author mark and year SCS 1976
100 1# - MAIN ENTRY--PERSONAL NAME
Personal name Schneider, David J.,
Dates associated with a name 1940-
9 (RLIN) 7300
245 10 - TITLE STATEMENT
Title Social psychology /
Statement of responsibility, etc. David J. Schneider.
260 ## - PUBLICATION, DISTRIBUTION, ETC. (IMPRINT)
Place of publication, distribution, etc. Reading, Mass. :
Name of publisher, distributor, etc. Addison-Wesley Pub. Co.,
Date of publication, distribution, etc. c1976.
300 ## - PHYSICAL DESCRIPTION
Pagination 663 p. in various pagings :
Illustrations ill. ;
Size 26 cm.
490 0# - SERIES STATEMENT
Series statement Addison-Wesley series in social psychology
504 ## - BIBLIOGRAPHY, ETC. NOTE
Bibliography, etc Includes bibliography and index.
526 ## - STUDY PROGRAM INFORMATION NOTE
Requested Dept. Psychology
650 #0 - SUBJECT ADDED ENTRY--TOPICAL TERM
Topical term or geographic name as entry element Social psychology.
9 (RLIN) 7301
942 ## - ADDED ENTRY ELEMENTS (KOHA)
Source of classification or shelving scheme Dewey Decimal Classification
Koha item type Books
Holdings
Lost status Source of classification or shelving scheme Damaged status Not for loan Collection code Permanent Location Current Location Shelving location Date acquired Coded location qualifier Cost, normal purchase price Total Checkouts Full call number Date last seen Copy number Koha item type Source of acquisition
  Dewey Decimal Classification   Not For Loan Non-fiction Central Library, University of Rajshahi Central Library, University of Rajshahi Reading Room 08/08/1979 HEFFER AND 11.90   301.1 SCS 1976 10/12/2013 C-1 Books  
  Dewey Decimal Classification     Non-fiction Central Library, University of Rajshahi Central Library, University of Rajshahi   08/08/1979   11.90   301.1 SCS 1976 22/08/2016 C-2 Books HEFFER AND